| 000 | 00353pab a2200145 454500 | ||
|---|---|---|---|
| 008 | 180718b2002 xxu||||| |||| 00| 0 eng d | ||
| 100 | _aChandio, Jami | ||
| 245 | _aTroubles of the Islamic state: Pakistan | ||
| 260 | _c2002 | ||
| 300 | _ap.19-23 | ||
| 650 | _aTerrorism - Pakistan | ||
| 650 | _aTerrorism | ||
| 773 | _aLiberal Times | ||
| 909 | _a53231 | ||
| 999 |
_c53231 _d53231 |
||